| 000 | 02234nam a2200361 i 4500 | ||
|---|---|---|---|
| 001 | 1484829721 | ||
| 003 | OCoLC | ||
| 005 | 20250212164409.0 | ||
| 008 | 250116s2025 nyu b 001 0 eng | ||
| 010 | _a2024019980 | ||
| 020 |
_a9780593735466 _q(hardcover) |
||
| 020 |
_a0593735463 _q(hardcover) |
||
| 035 | _a(OCoLC)1484829721 | ||
| 040 |
_aDLC _beng _erda _cOQX _dOQX _dE3V |
||
| 050 | 0 | 0 |
_aHQ770.4 _b.F64 2025 |
| 082 | 0 | 0 |
_a649/.64 _223/eng/20240522 |
| 092 |
_ageneral nonfiction _b649.64 Fogel, Jon |
||
| 100 | 1 |
_aFogel, Jon _q(Jonathon), _eauthor. _96538843 |
|
| 245 | 1 | 0 |
_aPunishment-free parenting : _bthe brain-based way to raise kids without raising your voice / _cJon Fogel. |
| 246 | 3 | 0 | _aBrain-based way to raise kids without raising your voice. |
| 250 | _aFirst edition. | ||
| 264 | 1 |
_aNew York : _bConvergent, _c[2025] |
|
| 300 |
_axxv, 221 pages ; _c22 cm. |
||
| 336 | _atext | ||
| 337 | _aunmediated | ||
| 338 | _avolume | ||
| 504 | _aIncludes bibliographical references (pages 207-214) and index. | ||
| 520 | _a"One day Jon Fogel found himself screaming at his toddler son, and he knew something had to change. It wasn't just that he needed to figure out how best to parent his little boy, but that he also needed understand and redirect his own emotions. This moment put Fogel on a path towards wholeness: understanding his whole self, learning about the whole brain, caring for the whole person, becoming a whole parent. In a few short years, Jon became an inspiration to over a million parents around the world who were striving to be the best parents they could be too. Now with The Whole Parent, Fogel, a father of three, pastor, and parenting educator, brings to parents the hard-won insights from his research and work as a parenting coach. In easily-digestible prose and with compassionate insight, Fogel offers moms and dads a clear path to their own wholeness as parents-from learning to recognize and name their own emotional triggers to responding to children with a more keen awareness of their developmental processes"-- | ||
| 650 | 0 | _aDiscipline of children. | |
| 650 | 0 | _aChild rearing. | |
| 650 | 0 | _aParenting. | |
| 942 |
_2ddc _cBOOK |
||
| 999 |
_c404445 _d404445 |
||